书目信息 |
| 题名: |
山东公路养护技术应用与研究
|
|
| 作者: | 王松根 主编 | |
| 分册: | ||
| 出版信息: | 北京 人民交通出版社 2005.10 |
|
| 页数: | 409页 | |
| 开本: | 26cm | |
| 丛书名: | ||
| 单 册: | ||
| 中图分类: | U418.4-53 | |
| 科图分类: | ||
| 主题词: | 公路养护--gong lu yang hu--新技术应用--山东省--文集 , 新技术应用--xin ji shu ying yong | |
| 电子资源: | ||
| ISBN: | 7-114-05770-9 | |
| 000 | 00905nam0 2200241 45 | |
| 001 | 012005000000 | |
| 005 | 20061107091639.60 | |
| 010 | @a7-114-05770-9@dCNY48.00 | |
| 100 | @a20051112d2005 em y0chiy0121 ea | |
| 101 | 0 | @achi |
| 102 | @aCN@b110000 | |
| 105 | @afk z 000yy | |
| 200 | 1 | @a山东公路养护技术应用与研究@Ashan dong gong lu yang hu ji shu ying yong yu yan jiu@f王松根主编 |
| 210 | @a北京@c人民交通出版社@d2005.10 | |
| 215 | @a409页@c图@d26cm | |
| 330 | @a本书收录了来自山东公路养护一线的科技论文80余篇,全面反映了近几年以来山东省在公路养护新技术研究、新工艺探索、新设备推广、新材料应用方面取得的成果。 | |
| 333 | @a阅读对象:公路养护技术人员等 | |
| 606 | 0 | @a公路养护@Agong lu yang hu@x新技术应用@y山东省@j文集 |
| 606 | 0 | @a新技术应用@Axin ji shu ying yong |
| 690 | @aU418.4-53@v4 | |
| 701 | 0 | @a王松根@Awang song gen@4主编 |
| 801 | 0 | @aCN@c20061107 |
| 905 | @a10447@dU418.4-53@eW352 | |
| 山东公路养护技术应用与研究/王松根主编.-北京:人民交通出版社,2005.10 |
| 409页:图;26cm |
| 使用对象:阅读对象:公路养护技术人员等 |
| ISBN 7-114-05770-9:CNY48.00 |
| 本书收录了来自山东公路养护一线的科技论文80余篇,全面反映了近几年以来山东省在公路养护新技术研究、新工艺探索、新设备推广、新材料应用方面取得的成果。 |
| ● |
| 相关链接 |
|
|
|
正题名:山东公路养护技术应用与研究
索取号:U418.4-53/W352
 
预约/预借
| 序号 | 登录号 | 条形码 | 馆藏地/架位号 | 状态 | 备注 |
| 1 | 635633 | 206356334 | 自科库501/501自科库 53排6列2层/ [索取号:U418.4-53/W352] | 在馆 | |
| 2 | 635634 | 206356343 | 自科库501/501自科库 53排6列2层/ [索取号:U418.4-53/W352] | 在馆 |